000 00272 a2200121 4500
001 146536
040 _cEscola São Tomás de Aquino
100 _aROSA, João Guimarães
240 1 0 _aSagarana
_lpor
245 1 0 _aSagarana
697 _aLITERATURA BRASILEIRA
942 _cBK
999 _c146536
_d146536